[Event "Yerevan Petrosian Memorial"]
[Site "Yerevan"]
[Date "1986.??.??"]
[Round "?"]
[White "Donchev, Dimitar I"]
[Black "Grigorian, Karen Ashotovich"]
[Result "1/2-1/2"]
[WhiteElo "2440"]
[BlackElo "2405"]
[PlyCount "40"]
[EventDate "1986.05.15"]
[EventType "tourn"]
[EventRounds "15"]
[EventCountry "URS"]
[SourceTitle "EXT 1999"]
[Source "ChessBase"]
[SourceDate "1998.11.16"]
[SourceVersion "1"]
[SourceVersionDate "1998.11.16"]
[SourceQuality "1"]

1. e4 c5 2. Nf3 d6 3. d4 cxd4 4. Nxd4 Nf6 5. Nc3 a6 6. Be3 e6 7. Be2 Be7 8. 0-0 0-0 9. f4 Qc7 10. g4 d5 11. e5 Ne4 12. Qe1 f6 13. Nxe4 dxe4 14. Qg3 Nc6 15. Nxc6 Qxc6 16. c3 Bd7 17. exf6 Bxf6 18. Rad1 Rf7 19. Rf2 Raf8 20. g5 Bd8 1/2-1/2

[Event "URS-ch otbor"]
[Site "Pinsk"]
[Date "1986.??.??"]
[Round "?"]
[White "Grigorian, Karen Ashotovich"]
[Black "Kupreichik, Viktor D"]
[Result "1/2-1/2"]
[WhiteElo "2405"]
[BlackElo "2490"]
[PlyCount "60"]
[EventDate "1986.??.??"]
[EventType "swiss"]
[EventRounds "11"]
[EventCountry "URS"]
[SourceTitle "EXT 2000"]
[Source "ChessBase"]
[SourceDate "1999.11.16"]
[SourceVersion "1"]
[SourceVersionDate "1999.11.16"]
[SourceQuality "1"]

1. d4 d5 2. c4 e6 3. Nc3 Bb4 4. Nf3 Nf6 5. g3 c5 6. cxd5 Nxd5 7. Bd2 Nc6 8. Nxd5 Bxd2+ 9. Qxd2 Qxd5 10. dxc5 Qxc5 11. Rc1 Qe7 12. Bg2 0-0 13. Nd4 Nxd4 14. Qxd4 e5 15. Qe3 Qb4+ 16. Qd2 Qb6 17. 0-0 Be6 18. b3 Rac8 19. Rxc8 Rxc8 20. Rc1 Rxc1+ 21. Qxc1 f6 22. Bd5 Bxd5 23. Qc8+ Kf7 24. Qd7+ Kf8 25. Qxd5 Qc7 26. Kg2 b6 27. Qa8+ Kf7 28. Qd5+ Kf8 29. Qa8+ Kf7 30. Qd5+ Kf8 1/2-1/2

[Event "Yerevan Petrosian Memorial"]
[Site "Yerevan"]
[Date "1986.??.??"]
[Round "?"]
[White "Grigorian, Karen Ashotovich"]
[Black "Lputian, Smbat G"]
[Result "1-0"]
[WhiteElo "2405"]
[BlackElo "2520"]
[PlyCount "111"]
[EventDate "1986.05.15"]
[EventType "tourn"]
[EventRounds "15"]
[EventCountry "URS"]
[SourceTitle "EXT 1999"]
[Source "ChessBase"]
[SourceDate "1998.11.16"]
[SourceVersion "1"]
[SourceVersionDate "1998.11.16"]
[SourceQuality "1"]

1. d4 Nf6 2. c4 d6 3. Nc3 Nbd7 4. Nf3 c6 5. e4 e5 6. Be2 Be7 7. 0-0 0-0 8. Re1 a6 9. Bf1 b5 10. a3 Bb7 11. Bg5 Re8 12. Rc1 h6 13. Bh4 Qb8 14. b4 Bd8 15. Qb3 Qa7 16. dxe5 dxe5 17. Rcd1 Nf8 18. a4 Ng4 19. Bg3 bxa4 20. Nxa4 Bc7 21. Rd2 Bc8 22. Ra1 Nf6 23. Nc3 Qb7 24. c5 Nh5 25. Bc4 Be6 26. Nd5 Nxg3 27. hxg3 Nd7 28. Rxa6 Rxa6 29. Bxa6 Qxa6 30. Nxc7 Bxb3 31. Nxa6 Nf6 32. b5 cxb5 33. c6 Nxe4 34. Re2 Nd6 35. c7 f6 36. Rd2 Nc8 37. Nh4 Be6 38. Nc5 Kf7 39. Rd8 b4 40. Nxe6 b3 41. Nc5 b2 42. Rd1 Re7 43. Na4 Rxc7 44. Nxb2 Ne7 45. g4 Rc2 46. Rd7 Ke6 47. Rb7 e4 48. Rb5 g6 49. g3 Rc1+ 50. Kg2 Kf7 51. Rb4 Rb1 52. Nd3 Rd1 53. Nc5 f5 54. gxf5 gxf5 55. Rb7 Rd5 56. Rc7 1-0

[Event "Yerevan Petrosian Memorial"]
[Site "Yerevan"]
[Date "1986.??.??"]
[Round "?"]
[White "Grigorian, Karen Ashotovich"]
[Black "Ortega, Lexy"]
[Result "0-1"]
[WhiteElo "2405"]
[BlackElo "2440"]
[PlyCount "104"]
[EventDate "1986.05.15"]
[EventType "tourn"]
[EventRounds "15"]
[EventCountry "URS"]
[SourceTitle "EXT 1999"]
[Source "ChessBase"]
[SourceDate "1998.11.16"]
[SourceVersion "1"]
[SourceVersionDate "1998.11.16"]
[SourceQuality "1"]

1. d4 Nf6 2. c4 e6 3. Nf3 c5 4. d5 exd5 5. cxd5 Bd6 6. g3 0-0 7. Bg2 Bc7 8. 0-0 d6 9. Nc3 a6 10. a4 Re8 11. Nd2 Nbd7 12. Nc4 Ne5 13. Nxe5 Rxe5 14. h3 Rb8 15. Bf4 Re8 16. b3 Bf5 17. Rc1 Ba5 18. g4 Bxc3 19. gxf5 Be5 20. Bd2 b5 21. e3 bxa4 22. bxa4 Qd7 23. e4 Bd4 24. Re1 Rb2 25. Rc2 Qb7 26. Bf4 Qb3 27. Rxb2 Qxb2 28. Re2 Qb6 29. Be3 Bxe3 30. Rxe3 c4 31. Bf3 h6 32. Qc2 Qd4 33. Rc3 Nxe4 34. Rxc4 Qa1+ 35. Kg2 Nc5 36. Rb4 Qf6 37. Bg4 Qg5 38. Qb1 h5 39. f4 Qh4 40. Bf3 a5 41. Rd4 Re3 42. Qd1 Rb3 43. Qe2 Qf6 44. Bxh5 Qxf5 45. Bg4 Qf6 46. Qe1 Rb2+ 47. Kg3 Qg6 48. Qc1 Rc2 49. Qd1 Ne4+ 50. Kf3 Rc3+ 51. Ke2 Rxh3 52. Kf1 Rh1+ 0-1

[Event "URS-ch otbor"]
[Site "Pinsk"]
[Date "1986.??.??"]
[Round "?"]
[White "Grigorian, Karen Ashotovich"]
[Black "Smagin, Sergey"]
[Result "1/2-1/2"]
[WhiteElo "2405"]
[BlackElo "2495"]
[PlyCount "49"]
[EventDate "1986.??.??"]
[EventType "swiss"]
[EventRounds "11"]
[EventCountry "URS"]
[SourceTitle "EXT 2000"]
[Source "ChessBase"]
[SourceDate "1999.11.16"]
[SourceVersion "1"]
[SourceVersionDate "1999.11.16"]
[SourceQuality "1"]

1. c4 c6 2. d4 d5 3. Nf3 Nf6 4. Nc3 e6 5. Bg5 Nbd7 6. cxd5 exd5 7. e3 Be7 8. Bd3 0-0 9. Qc2 Re8 10. 0-0 Nf8 11. a3 Ng6 12. Rae1 Ne4 13. Bxe7 Qxe7 14. Bxe4 dxe4 15. Nd2 f5 16. f3 exf3 17. Nxf3 Be6 18. e4 fxe4 19. Rxe4 Qd7 20. Ng5 Bd5 21. Ref4 Rf8 22. Rxf8+ Rxf8 23. Rxf8+ Nxf8 24. Nxd5 Qxd5 25. Qc5 1/2-1/2

[Event "Leningrad Dynamo CC-ch"]
[Site "Leningrad"]
[Date "1985.04.??"]
[Round "?"]
[White "Kuzmin, Alexey"]
[Black "Grigorian, Karen Ashotovich"]
[Result "1-0"]
[WhiteElo "2355"]
[BlackElo "2405"]
[PlyCount "61"]
[EventDate "1985.04.??"]
[EventType "tourn"]
[EventRounds "15"]
[EventCountry "RUS"]
[SourceTitle "EXT 2015"]
[Source "ChessBase"]
[SourceDate "2014.11.20"]
[SourceVersion "1"]
[SourceVersionDate "2014.11.20"]
[SourceQuality "1"]

1. e4 c5 2. Nf3 e6 3. d4 cxd4 4. Nxd4 Nc6 5. Nc3 d6 6. Be3 Nf6 7. f4 e5 8. Nf3 Be7 9. Qd2 Ng4 10. f5 g6 11. fxg6 hxg6 12. Bc4 Be6 13. Bxe6 fxe6 14. 0-0-0 Rc8 15. Bg5 Bxg5 16. Nxg5 Nd4 17. Nf3 Rc4 18. h3 Nf6 19. Qd3 b5 20. Nxd4 Rxd4 21. Qg3 a6 22. Qxg6+ Kd7 23. Rdf1 b4 24. Rxf6 bxc3 25. bxc3 Ra4 26. Rxe6 Qb6 27. Qf7+ Kd8 28. Rxd6+ Qxd6 29. Rd1 Rd4 30. cxd4 Qa3+ 31. Kb1 1-0

[Event "URS-ch51 Semifinal"]
[Site "Minsk"]
[Date "1983.09.??"]
[Round "?"]
[White "Bronstein, David Ionovich"]
[Black "Grigorian, Karen Ashotovich"]
[Result "1-0"]
[WhiteElo "2490"]
[BlackElo "2425"]
[PlyCount "95"]
[EventDate "1983.09.??"]
[EventType "tourn"]
[EventRounds "17"]
[EventCountry "URS"]
[EventCategory "8"]
[SourceTitle "MCD"]
[Source "ChessBase"]
[SourceDate "1999.07.01"]
[SourceVersion "1"]
[SourceVersionDate "1999.07.01"]
[SourceQuality "1"]

1. d4 Nf6 2. c4 c5 3. d5 b5 4. cxb5 a6 5. b6 d6 6. Nc3 Nbd7 7. e4 Nxb6 8. a4 Rb8 9. Nf3 Nbd7 10. Bc4 g6 11. Qe2 Rb4 12. a5 Bg7 13. h3 0-0 14. 0-0 Bb7 15. Bf4 Ne8 16. Rfc1 f5 17. b3 fxe4 18. Qxe4 Nc7 19. Bg5 Rf7 20. Qd3 Qf8 21. Ra2 Rxf3 22. Qxf3 Qxf3 23. gxf3 Ne5 24. Bxe7 Nxc4 25. bxc4 Rxc4 26. Rac2 Bxc3 27. Rxc3 Rxc3 28. Rxc3 Nb5 29. Re3 c4 30. Bg5 Bxd5 31. Re8+ Kf7 32. Re7+ Kf8 33. Rxh7 Bxf3 34. Rh4 Bd5 35. Rf4+ Ke8 36. Rf6 Bf7 37. Kf1 Kf8 38. Ke1 Kg7 39. Kd2 Bd5 40. h4 Bf7 41. f4 c3+ 42. Ke3 Bc4 43. f5 gxf5 44. h5 Kh7 45. h6 Nc7 46. Rxd6 f4+ 47. Kf2 Nd5 48. Rc6 1-0

[Event "URS-ch51 Semifinal"]
[Site "Minsk"]
[Date "1983.09.??"]
[Round "?"]
[White "Grigorian, Karen Ashotovich"]
[Black "Kupreichik, Viktor D"]
[Result "0-1"]
[WhiteElo "2425"]
[BlackElo "2480"]
[PlyCount "56"]
[EventDate "1983.09.??"]
[EventType "tourn"]
[EventRounds "17"]
[EventCountry "URS"]
[EventCategory "8"]
[SourceTitle "MCD"]
[Source "ChessBase"]
[SourceDate "1999.07.01"]
[SourceVersion "1"]
[SourceVersionDate "1999.07.01"]
[SourceQuality "1"]

1. d4 Nf6 2. Nf3 d5 3. c4 e6 4. Nc3 Bb4 5. cxd5 exd5 6. Bg5 h6 7. Bxf6 Qxf6 8. Qb3 c5 9. a3 Bxc3+ 10. bxc3 c4 11. Qb5+ Qc6 12. a4 0-0 13. g3 Qxb5 14. axb5 Bd7 15. Rb1 Bf5 16. Ra1 Bd7 17. Rb1 a6 18. bxa6 Rxa6 19. Bg2 Bf5 20. Rb2 Ra3 21. Ne5 Nc6 22. Rxb7 Nxe5 23. dxe5 Rd8 24. 0-0 Rxc3 25. e3 Rb3 26. Rc7 c3 27. Rc1 c2 28. e4 Rc8 0-1

[Event "URS-ch51 Semifinal"]
[Site "Minsk"]
[Date "1983.09.??"]
[Round "?"]
[White "Korzubov, Peter"]
[Black "Grigorian, Karen Ashotovich"]
[Result "1/2-1/2"]
[WhiteElo "2450"]
[BlackElo "2425"]
[PlyCount "54"]
[EventDate "1983.09.??"]
[EventType "tourn"]
[EventRounds "17"]
[EventCountry "URS"]
[EventCategory "8"]
[SourceTitle "MCD"]
[Source "ChessBase"]
[SourceDate "1999.07.01"]
[SourceVersion "1"]
[SourceVersionDate "1999.07.01"]
[SourceQuality "1"]

1. e4 c5 2. Nf3 d6 3. d4 cxd4 4. Nxd4 Nf6 5. Nc3 a6 6. f4 e6 7. Qf3 Qb6 8. Nb3 Qc7 9. Bd3 b5 10. f5 Nbd7 11. Bg5 Ne5 12. Qe2 Be7 13. 0-0 0-0 14. Kh1 Bd7 15. Nd4 Rac8 16. Nd1 Qb6 17. Be3 Qb7 18. Nf2 Rfe8 19. Bg5 Bd8 20. fxe6 fxe6 21. Nf3 Nxf3 22. Qxf3 Bc6 23. Rae1 Nd7 24. Bxd8 Ne5 25. Qg3 Rcxd8 26. Ng4 Nxg4 27. Qxg4 e5 1/2-1/2

[Event "URS-ch51 Semifinal"]
[Site "Minsk"]
[Date "1983.09.??"]
[Round "?"]
[White "Ubilava, Elizbar"]
[Black "Grigorian, Karen Ashotovich"]
[Result "1-0"]
[WhiteElo "2445"]
[BlackElo "2425"]
[PlyCount "83"]
[EventDate "1983.09.??"]
[EventType "tourn"]
[EventRounds "17"]
[EventCountry "URS"]
[EventCategory "8"]
[SourceTitle "MCD"]
[Source "ChessBase"]
[SourceDate "1999.07.01"]
[SourceVersion "1"]
[SourceVersionDate "1999.07.01"]
[SourceQuality "1"]

1. d4 Nf6 2. c4 c5 3. d5 b5 4. Nf3 Bb7 5. Qb3 Qb6 6. Nc3 b4 7. Na4 Qc7 8. Qc2 d6 9. a3 g6 10. axb4 cxb4 11. e4 Nbd7 12. Bf4 Bg7 13. c5 Nxc5 14. Nxc5 Qxc5 15. Qa4+ Kf8 16. Rc1 Qb6 17. Be3 Qd8 18. Qxb4 Bxd5 19. exd5 Nxd5 20. Qd2 Nxe3 21. fxe3 Rc8 22. Bc4 Bf6 23. 0-0 Kg7 24. b3 Qb6 25. Kh1 Rc5 26. e4 Rhc8 27. Rcd1 h5 28. Ne1 Rxc4 29. bxc4 Rxc4 30. Qd5 Rc5 31. Qa8 Qa6 32. Nf3 Rc2 33. Qd5 Rc5 34. Qd3 Qc8 35. Qe3 Qa6 36. h3 Rc2 37. Rf2 Rc3 38. Qd2 Qc4 39. Qd5 Qc7 40. Ng5 Rc1 41. Qxf7+ Kh6 42. Rdf1 1-0

[Event "URS-chT Republics 16th final B"]
[Site "Moscow"]
[Date "1983.07.24"]
[Round "3"]
[White "Korzubov, Peter"]
[Black "Grigorian, Karen Ashotovich"]
[Result "1-0"]
[WhiteElo "2450"]
[BlackElo "2405"]
[PlyCount "80"]
[EventDate "1983.07.23"]
[EventType "team-tourn"]
[EventRounds "5"]
[EventCountry "URS"]
[SourceTitle "EXT 2020"]
[Source "ChessBase"]
[SourceDate "2019.10.17"]
[SourceVersion "1"]
[SourceVersionDate "2019.10.17"]
[SourceQuality "1"]
[WhiteTeam "Belarus"]
[BlackTeam "Azerbaijan"]
[WhiteTeamCountry "BLR"]
[BlackTeamCountry "AZE"]

1. e4 c5 2. Nf3 e6 3. d4 cxd4 4. Nxd4 Nc6 5. Nb5 d6 6. Bf4 e5 7. Be3 Nf6 8. Bg5 Be6 9. Bxf6 gxf6 10. Nd2 a6 11. Nc3 f5 12. Bc4 Qg5 13. 0-0 Nd4 14. exf5 Rg8 15. g3 Qxf5 16. Nd5 Rc8 17. Bd3 Qg5 18. Ne4 Qg7 19. Ndf6+ Kd8 20. c3 Nc6 21. Bc2 Kc7 22. Nxg8 Qxg8 23. Nf6 Qg7 24. Nd5+ Kb8 25. Ne3 Qg5 26. h4 Qg7 27. Be4 Ka7 28. Qf3 h6 29. Rfd1 Be7 30. Kf1 Qf8 31. Nf5 Qd8 32. Nxh6 Qb6 33. Nf5 Qb5+ 34. Kg1 Bxf5 35. Qxf5 Kb8 36. Qxf7 Bd8 37. Rxd6 Bb6 38. Rd7 Bc5 39. Qb3 Bxf2+ 40. Kxf2 Rf8+ 1-0

[Event "URS-chT Republics 16th final B"]
[Site "Moscow"]
[Date "1983.07.23"]
[Round "2"]
[White "Grigorian, Karen Ashotovich"]
[Black "Razuvaev, Yuri S"]
[Result "0-1"]
[WhiteElo "2405"]
[BlackElo "2625"]
[PlyCount "124"]
[EventDate "1983.07.23"]
[EventType "team-tourn"]
[EventRounds "5"]
[EventCountry "URS"]
[SourceTitle "EXT 2020"]
[Source "ChessBase"]
[SourceDate "2019.10.17"]
[SourceVersion "1"]
[SourceVersionDate "2019.10.17"]
[SourceQuality "1"]
[WhiteTeam "Azerbaijan"]
[BlackTeam "Russia"]
[WhiteTeamCountry "AZE"]
[BlackTeamCountry "RUS"]

1. Nf3 c5 2. c4 Nf6 3. g3 b6 4. Bg2 Bb7 5. 0-0 g6 6. Nc3 Bg7 7. d4 Ne4 8. Nxe4 Bxe4 9. Be3 Nc6 10. d5 Nb4 11. Qd2 Nc2 12. Bh6 Bxh6 13. Qxh6 Bxf3 14. Bxf3 Nxa1 15. Rxa1 d6 16. Qg7 Rf8 17. Bg4 f5 18. Bh3 Kd7 19. e4 Rf6 20. exf5 gxf5 21. Qxh7 Qf8 22. Re1 Qf7 23. Qh4 Rg8 24. Re3 Kc7 25. Bxf5 Qf8 26. Bh3 Kb8 27. g4 Rh6 28. Qg3 Rgh8 29. g5 Rxh3 30. Qxh3 Rxh3 31. Rxh3 Kc7 32. Rg3 Kd7 33. h4 Ke8 34. h5 Qf4 35. h6 Kf8 36. b3 Kg8 37. a4 a6 38. Kg2 Qe4+ 39. Kg1 Qg6 40. Kg2 Kh7 41. Kg1 Qb1+ 42. Kg2 Kg6 43. Rh3 Qe4+ 44. Kg1 Qg4+ 45. Rg3 Qc8 46. Kg2 e6 47. dxe6 Qxe6 48. Rh3 Qe4+ 49. Kg1 Qg4+ 50. Kh2 Qd4 51. Kg2 Kxg5 52. h7 Qh8 53. Rg3+ Kf5 54. Rh3 d5 55. cxd5 Ke5 56. Rh5+ Kd6 57. f4 b5 58. axb5 axb5 59. Kf3 c4 60. bxc4 bxc4 61. Ke4 Qe8+ 62. Re5 Qg6+ 0-1

[Event "Moscow-ch61"]
[Site "Moscow"]
[Date "1983.01.??"]
[Round "?"]
[White "Vasiukov, Evgeni"]
[Black "Grigorian, Karen Ashotovich"]
[Result "1-0"]
[WhiteElo "2480"]
[BlackElo "2425"]
[PlyCount "39"]
[EventDate "1983.01.??"]
[EventType "tourn"]
[EventRounds "17"]
[EventCountry "URS"]
[SourceTitle "EXT 2002"]
[Source "ChessBase"]
[SourceDate "2001.11.25"]
[SourceVersion "1"]
[SourceVersionDate "2001.11.25"]
[SourceQuality "1"]

1. d4 d5 2. c4 e6 3. Nc3 Be7 4. cxd5 exd5 5. Bf4 c6 6. e3 Bf5 7. g4 Be6 8. Bg2 Qb6 9. Rb1 Nd7 10. h4 Ngf6 11. f3 0-0 12. Nge2 c5 13. dxc5 Nxc5 14. Nd4 Rfe8 15. Kf2 Rac8 16. Bf1 Bd6 17. Kg2 Bxf4 18. exf4 Bd7 19. f5 Qd6 20. Rc1 1-0

[Event "Yerevan"]
[Site "Yerevan"]
[Date "1982.04.22"]
[Round "15"]
[White "Vladimirov, Yevgeniy"]
[Black "Grigorian, Karen Ashotovich"]
[Result "1/2-1/2"]
[WhiteElo "2495"]
[BlackElo "2415"]
[PlyCount "27"]
[EventDate "1982.04.01"]
[EventType "tourn"]
[EventRounds "15"]
[EventCountry "URS"]
[EventCategory "9"]
[SourceTitle "MCD"]
[Source "ChessBase"]
[SourceDate "1999.07.01"]
[SourceVersion "1"]
[SourceVersionDate "1999.07.01"]
[SourceQuality "1"]

1. d4 Nf6 2. c4 e6 3. Nc3 Bb4 4. e3 c5 5. Bd3 Nc6 6. Nf3 d5 7. 0-0 dxc4 8. Bxc4 0-0 9. a3 Ba5 10. Bd3 cxd4 11. exd4 Bb6 12. Be3 Nd5 13. Nxd5 exd5 14. h3 1/2-1/2

[Event "Yerevan"]
[Site "Yerevan"]
[Date "1982.04.16"]
[Round "11"]
[White "Bagirov, Vladimir"]
[Black "Grigorian, Karen Ashotovich"]
[Result "1/2-1/2"]
[WhiteElo "2495"]
[BlackElo "2415"]
[PlyCount "28"]
[EventDate "1982.04.01"]
[EventType "tourn"]
[EventRounds "15"]
[EventCountry "URS"]
[EventCategory "9"]
[SourceTitle "MCD"]
[Source "ChessBase"]
[SourceDate "1999.07.01"]
[SourceVersion "1"]
[SourceVersionDate "1999.07.01"]
[SourceQuality "1"]

1. d4 Nf6 2. c4 c5 3. d5 b5 4. Nf3 g6 5. cxb5 a6 6. Qc2 axb5 7. e4 Bg7 8. Bxb5 0-0 9. 0-0 d6 10. Nc3 Ba6 11. a4 Nbd7 12. h3 Ne8 13. Bd2 Nc7 14. Bxa6 Rxa6 1/2-1/2

[Event "Yerevan"]
[Site "Yerevan"]
[Date "1982.04.15"]
[Round "10"]
[White "Grigorian, Karen Ashotovich"]
[Black "Savon, Vladimir A"]
[Result "1/2-1/2"]
[WhiteElo "2415"]
[BlackElo "2485"]
[PlyCount "33"]
[EventDate "1982.04.01"]
[EventType "tourn"]
[EventRounds "15"]
[EventCountry "URS"]
[EventCategory "9"]
[SourceTitle "MCD"]
[Source "ChessBase"]
[SourceDate "1999.07.01"]
[SourceVersion "1"]
[SourceVersionDate "1999.07.01"]
[SourceQuality "1"]

1. e4 c5 2. Nf3 d6 3. Bb5+ Bd7 4. Bxd7+ Qxd7 5. c4 Nf6 6. Nc3 Nc6 7. d4 cxd4 8. Nxd4 Qg4 9. 0-0 Qxd1 10. Rxd1 Nxd4 11. Rxd4 a6 12. Bg5 Nd7 13. Nd5 Rc8 14. b3 g6 15. Rd2 h6 16. Be3 Bg7 17. Rad1 1/2-1/2

[Event "Yerevan"]
[Site "Yerevan"]
[Date "1982.04.08"]
[Round "6"]
[White "Espig, Lutz"]
[Black "Grigorian, Karen Ashotovich"]
[Result "0-1"]
[WhiteElo "2470"]
[BlackElo "2415"]
[PlyCount "112"]
[EventDate "1982.04.01"]
[EventType "tourn"]
[EventRounds "15"]
[EventCountry "URS"]
[EventCategory "9"]
[SourceTitle "MCD"]
[Source "ChessBase"]
[SourceDate "1999.07.01"]
[SourceVersion "1"]
[SourceVersionDate "1999.07.01"]
[SourceQuality "1"]

1. Nf3 Nf6 2. g3 b6 3. Bg2 Bb7 4. 0-0 e6 5. c4 c5 6. Nc3 d6 7. d4 cxd4 8. Qxd4 Be7 9. Rd1 a6 10. e4 Nbd7 11. Qe3 Qc7 12. b3 0-0 13. Bb2 Rac8 14. Nd4 Rfe8 15. Rac1 Qb8 16. h3 Bf8 17. Qd2 Nc5 18. Re1 Qa8 19. f3 g6 20. Rcd1 Red8 21. Qf2 Bg7 22. Nc2 b5 23. Ne3 Nfd7 24. b4 Bxc3 25. Bxc3 Na4 26. Ba1 bxc4 27. Rxd6 c3 28. Kh2 Ne5 29. Rxd8+ Rxd8 30. Rd1 Rd3 31. Rxd3 Nxd3 32. Qc2 Ndb2 33. Nd1 Qc8 34. Bf1 Nxd1 35. Qxd1 Bc6 36. Bd3 Nb2 37. Qe2 Qd7 38. Bxa6 Qd4 39. b5 Bd7 40. Kg2 e5 41. a4 Nxa4 42. g4 Be6 43. b6 Qxb6 44. Bb5 Nb2 45. Bxb2 cxb2 46. Qxb2 Bc4 47. Qxe5 Qxb5 48. Qf6 g5 49. h4 gxh4 50. Kh3 h5 51. Kxh4 hxg4 52. Kxg4 Be6+ 53. Kh4 Qb6 54. Kg5 Qe3+ 55. Kh5 Kh7 56. e5 Qc1 0-1

[Event "URS-ch49 Semifinal"]
[Site "Cheliabinsk"]
[Date "1981.07.??"]
[Round "?"]
[White "Grigorian, Karen Ashotovich"]
[Black "Agzamov, Georgy"]
[Result "0-1"]
[WhiteElo "2445"]
[BlackElo "2435"]
[PlyCount "98"]
[EventDate "1981.07.03"]
[EventType "tourn"]
[EventRounds "15"]
[EventCountry "URS"]
[SourceTitle "EXT 2002"]
[Source "ChessBase"]
[SourceDate "2001.11.25"]
[SourceVersion "1"]
[SourceVersionDate "2001.11.25"]
[SourceQuality "1"]

1. d4 Nf6 2. c4 c5 3. Nf3 cxd4 4. Nxd4 b6 5. Nc3 Bb7 6. f3 d6 7. e4 e6 8. Be2 Nbd7 9. Be3 Be7 10. 0-0 0-0 11. Rc1 a6 12. Qd2 Re8 13. Rfd1 Rc8 14. Bf1 Qc7 15. Qf2 Qb8 16. Kh1 Bd8 17. b3 Bc7 18. Qh4 Ne5 19. Qh3 Ng6 20. Bg5 Bd8 21. Re1 Rc5 22. Bd2 Rh5 23. Qg3 Bc7 24. f4 e5 25. fxe5 d5 26. exd5 Rexe5 27. h3 Rxd5 28. Qxc7 Qxc7 29. cxd5 Qd7 30. Kg1 Nxd5 31. Ne4 Re5 32. Nf3 Re8 33. Rcd1 h6 34. Bc1 f5 35. Ng3 Rxe1 36. Rxe1 Nc3 37. Bc4+ Bd5 38. Bb2 Bxc4 39. bxc4 Na4 40. Ba1 Nf4 41. Bd4 Nc5 42. h4 Ne4 43. Nf1 Qa4 44. Be3 Nd3 45. Rb1 b5 46. cxb5 Qxa2 47. Rd1 Qb3 48. Ra1 Qxb5 49. Bd4 Nf4 0-1

[Event "Moscow2"]
[Site "Moscow"]
[Date "1981.??.??"]
[Round "?"]
[White "Berkovich, Mark A"]
[Black "Grigorian, Karen Ashotovich"]
[Result "0-1"]
[WhiteElo "2350"]
[BlackElo "2445"]
[PlyCount "160"]
[EventDate "1981.??.??"]
[EventType "tourn"]
[EventRounds "11"]
[EventCountry "URS"]
[SourceTitle "EXT 2002"]
[Source "ChessBase"]
[SourceDate "2001.11.25"]
[SourceVersion "1"]
[SourceVersionDate "2001.11.25"]
[SourceQuality "1"]

1. e4 c5 2. Nf3 e6 3. Nc3 a6 4. d4 cxd4 5. Nxd4 d6 6. Bc4 Nf6 7. Bb3 b5 8. 0-0 Be7 9. Qf3 Qc7 10. Qg3 Nc6 11. Nxc6 Qxc6 12. Re1 0-0 13. Bh6 Ne8 14. Nd5 Bd8 15. Bg5 Bxg5 16. Qxg5 exd5 17. Bxd5 Qc5 18. b4 Qa7 19. Bxa8 Qxa8 20. a4 bxa4 21. Rxa4 Qc6 22. Raa1 Nc7 23. Qd2 Nb5 24. Rac1 Qc4 25. c3 Be6 26. Qe2 Rc8 27. Qxc4 Rxc4 28. Re3 f5 29. exf5 Bxf5 30. f3 Kf7 31. g4 Bc8 32. Re4 Na3 33. Rd4 Rc6 34. Kf2 Be6 35. Rf4+ Ke7 36. Re1 d5 37. Rf5 Nc2 38. Re2 Rxc3 39. Rxd5 Nxb4 40. Rd4 Nd3+ 41. Kg1 g5 42. h4 h6 43. hxg5 hxg5 44. Ra4 Rc1+ 45. Kh2 Nc5 46. Ra5 Kd6 47. Kg3 Rc3 48. Kf2 Bd5 49. Re3 Rc2+ 50. Re2 Rc4 51. Re8 Bb7 52. Rg8 Ne6 53. Rg6 Rc3 54. Raxg5 Rxf3+ 55. Ke2 Ra3 56. Kd2 Bd5 57. Rh6 a5 58. Rg7 a4 59. Ra7 Ra1 60. Ra6+ Ke5 61. Rh5+ Ke4 62. g5 Nc5 63. Ra7 Kd4 64. Rh4+ Ne4+ 65. Kc2 Bb3+ 66. Kb2 Ra2+ 67. Kb1 Rg2 68. Rd7+ Kc5 69. Rc7+ Kd6 70. Rxe4 Kxc7 71. Re5 a3 72. Re1 Kb6 73. Ka1 Kb5 74. g6 Rxg6 75. Rc1 Kb4 76. Re1 Rg2 77. Rc1 Rh2 78. Rg1 Bc2 79. Ka2 Bd3+ 80. Ka1 Kb3 0-1

[Event "URS"]
[Site "Soviet Union"]
[Date "1981.??.??"]
[Round "?"]
[White "Sveshnikov, Evgeny"]
[Black "Grigorian, Karen Ashotovich"]
[Result "1-0"]
[WhiteElo "2535"]
[BlackElo "2445"]
[PlyCount "101"]
[EventDate "1981.??.??"]
[EventType "game"]
[EventCountry "URS"]
[SourceTitle "EXT 2010"]
[Source "ChessBase"]
[SourceDate "2010.11.25"]
[SourceVersion "1"]
[SourceVersionDate "2010.11.25"]
[SourceQuality "1"]

1. g3 g6 2. Bg2 Bg7 3. d4 Nf6 4. e4 d6 5. Ne2 0-0 6. Nbc3 Nbd7 7. 0-0 e5 8. h3 c6 9. a4 a5 10. Be3 exd4 11. Bxd4 Re8 12. g4 b6 13. Ng3 Ba6 14. Re1 c5 15. Be3 Ne5 16. b3 Nfxg4 17. hxg4 Qh4 18. Nd5 Nxg4 19. c4 h5 20. Nf1 Be5 21. Ra2 Bb7 22. Bf4 Bxd5 23. Bxe5 Rxe5 24. cxd5 Rae8 25. Rae2 Nf6 26. f3 Qf4 27. Qd2 Nxd5 28. Ne3 Nxe3 29. Qxe3 Qxe3+ 30. Rxe3 Rg5 31. Kf2 d5 32. f4 Rg4 33. exd5 Rxf4+ 34. Bf3 Rxe3 35. Kxe3 Rd4 36. Rd1 Rxd1 37. Bxd1 Kf8 38. d6 h4 39. Bf3 Ke8 40. Bc6+ Kd8 41. Kf4 f6 42. Kg4 g5 43. Kf5 h3 44. Kg4 Kc8 45. Kxh3 f5 46. Kg3 Kd8 47. Kf3 Kc8 48. Bb5 Kd8 49. Bd3 Kd7 50. Bxf5+ Kxd6 51. Bd3 1-0